Manuale di storia romana
Saved in:
| Hovedforfatter: | |
|---|---|
| Format: | Bog |
| Sprog: | italiensk |
| Udgivet: |
Novara
UTET
2011
|
| Udgivelse: | 1a. ed |
| Fag: | |
| Tags: |
Tilføj Tag
Ingen Tags, Vær først til at tagge denne postø!
|
MARC
| LEADER | 00000cam a2200000 a 4500 | ||
|---|---|---|---|
| 001 | UCD9637 | ||
| 003 | CL-VaPUC | ||
| 008 | 170630e20110000it |||||||||||||||||ita|d | ||
| 082 | 0 | 4 | |a 937 |b MOM |2 21 |
| 100 | |a Momigliano, Arnaldo |e autor |9 593300 | ||
| 245 | 1 | 0 | |a Manuale di storia romana |
| 250 | |a 1a. ed | ||
| 300 | |a 272 p | ||
| 942 | |c BK | ||
| 945 | |d 20170630 21:31:00 |a dcastane | ||
| 260 | |a Novara |b UTET |c 2011 | ||
| 650 | 0 | |a Historia de Roma |9 315349 | |
| 650 | 0 | |a Historia antigua |9 267521 | |
| 583 | |a last modification |c 20170630 21:31:00 |k Rodrigo Vera | ||
| 999 | |c 368716 |d 368714 | ||
| 952 | |0 0 |1 0 |3 erb |4 0 |6 937_000000000000000_MOM_2011 |7 0 |8 A |9 484122 |a FDOLAF |b BIBHIS |e Laffi, Umberto, 1939- |i 5402921 |l 1 |o 937 MOM 2011 |p 5402921 |r 2024-01-30 |s 2023-04-27 |w 2019-11-24 |y BK |z Catalogado en:20170630 |k LAF | ||